000 01476nab a2200289uuc4500
001 1040777
005 20240202082058.0
008 070809e20070905 spa
035 _a1040777
035 _a(OCoLC)820218896
040 _ccomduadb
041 _aspa
100 1 0 _aMotato Ladino, Jorge Humberto
_4aut
_eaut
_9437877
245 1 0 _aMetodología para el cálculo de la distribución de temperatura transitoria en un regenerador térmico de lecho poroso empacado
520 3 _aEn el presente artículo se propone una función para la distribución de temperatura unidimensional en estado transitorio en un regenerador térmico de lecho poroso empacado, durante la etapa de calentamiento de los elementos empacados considerando que los elementos del lecho se comportan como cuerpos con resistencia térmica interna despreciable.
650 _aRegeneradores térmicos
_9165679
650 _aLecho poroso empacado
_9162262
650 _aConvección forzada
_9161492
650 _aConvección
_992076
650 _aCoeficientes de convección
_9161479
650 7 _aTransmisión del calor
_2lemb
_931915
700 1 0 _aArias Vanegas, Héctor Fabio
_4aut
_eaut
_9437123
700 1 0 _aCadavid Sierra, Francisco Javier
_4aut
_eaut
_9324980
773 0 _tRevista Facultad de Ingeniería (Medellín)
_gNúmero 41, Septiembre 2007, p. 66-83
_w120998
_x0120-6230
_067890
856 4 _uhttp://bibliotecadigital.udea.edu.co/dspace/handle/10495/4150
942 _cARIMP
999 _c419894
_d419894